00655nam a2200169Ia 4500008004100000020001500041041001200056100001500068245007300083260003300156300000900189650001500198700001700213942000700230999001700237952023100254221030s9999 xx 000 0 und d a8176635243 aEnglish aS. P. Jain 0aCost Accounting : Principles & Practicecby S. P. Jain, K. L. Narang bKalani Pub.aNew Delhic2001 a1042 aManagement aK. L. Narang cBK c18005d18005 pMBA 3475g230.00l1eDonated by Dr. Ankita Nanda ( Asstt. Prof. MBA Deptt. )r2024-04-19 00:00:00s2023-11-10w2022-10-30yBK003Print4070aMIETLIBbMIETLIBcBL-Academic Block B, FL-2, CUP-134, SH-5, R-5d2018-12-1410HMBA